<?xml version="1.0" encoding="UTF-8"?><?xml-stylesheet type="text/xsl" href="static/style.xsl"?><OAI-PMH xmlns="http://www.openarchives.org/OAI/2.0/" xmlns:xsi="http://www.w3.org/2001/XMLSchema-instance" xsi:schemaLocation="http://www.openarchives.org/OAI/2.0/ http://www.openarchives.org/OAI/2.0/OAI-PMH.xsd"><responseDate>2026-04-17T06:38:46Z</responseDate><request verb="GetRecord" identifier="oai:www.recercat.cat:2099.1/11536" metadataPrefix="marc">https://recercat.cat/oai/request</request><GetRecord><record><header><identifier>oai:recercat.cat:2099.1/11536</identifier><datestamp>2025-07-22T23:51:35Z</datestamp><setSpec>com_2072_1033</setSpec><setSpec>col_2072_452951</setSpec></header><metadata><record xmlns="http://www.loc.gov/MARC21/slim" xmlns:dcterms="http://purl.org/dc/terms/" xmlns:xsi="http://www.w3.org/2001/XMLSchema-instance" xmlns:doc="http://www.lyncode.com/xoai" xsi:schemaLocation="http://www.loc.gov/MARC21/slim http://www.loc.gov/standards/marcxml/schema/MARC21slim.xsd">
   <leader>00925njm 22002777a 4500</leader>
   <datafield ind2=" " ind1=" " tag="042">
      <subfield code="a">dc</subfield>
   </datafield>
   <datafield ind2=" " ind1=" " tag="720">
      <subfield code="a">Sánchez Quera, Xavier</subfield>
      <subfield code="e">author</subfield>
   </datafield>
   <datafield ind2=" " ind1=" " tag="260">
      <subfield code="c">2011-02-08</subfield>
   </datafield>
   <datafield ind2=" " ind1=" " tag="520">
      <subfield code="a">L'objectiu principal d'aquest projecte és el disseny d'una vela rígida i el&#xd;
comportament que tindria en l'embarcació de la classe Tornado. Ja que el disseny&#xd;
d'una vela és un procés simultani amb el casc de l'embarcació, s'ha considerat que&#xd;
l'àrea de la vela rígida ha de tenir la mateixa àrea que la vela major de la classe&#xd;
Tornado.&#xd;
Mitjançant els principis de l'aerodinàmica i lutilització del programa de llicència&#xd;
pública XFLR5, s'ha realitzat un estudi dels coeficients aerodinàmics en 2D i 3D per&#xd;
tal d'obtenir el perfil i les formes de la vela més eficients per unes condicions de vent&#xd;
raonables.&#xd;
Per poder analitzar el comportament de l'embarcació, s'ha realitzat anteriorment un&#xd;
estudi de l'estabilitat i la resistència de l'embarcació Tornado mitjançant els&#xd;
programes d'arquitectura naval Formsys.&#xd;
Per analitzar el comportament de l'embarcació en condicions de navegació estable,&#xd;
s'ha creat un programa de predicció de velocitats amb el programa Excel, capaç de&#xd;
resoldre les equacions d'equilibri que governaran el comportament de l'embarcació.&#xd;
Gràcies a la creació pròpia del programa de predicció de velocitats, a part del&#xd;
diagrama polar característic, s'han pogut analitzar altres paràmetres de la vela rígida&#xd;
que definiran el seu ajustament.</subfield>
   </datafield>
   <datafield tag="653" ind2=" " ind1=" ">
      <subfield code="a">Àrees temàtiques de la UPC::Nàutica::Navegació marítima</subfield>
   </datafield>
   <datafield tag="653" ind2=" " ind1=" ">
      <subfield code="a">Àrees temàtiques de la UPC::Nàutica::Arquitectura naval</subfield>
   </datafield>
   <datafield tag="653" ind2=" " ind1=" ">
      <subfield code="a">Sails.</subfield>
   </datafield>
   <datafield tag="653" ind2=" " ind1=" ">
      <subfield code="a">Velas</subfield>
   </datafield>
   <datafield tag="653" ind2=" " ind1=" ">
      <subfield code="a">Veles (Navegació) -- Disseny</subfield>
   </datafield>
   <datafield tag="653" ind2=" " ind1=" ">
      <subfield code="a">Veles (Navegació)</subfield>
   </datafield>
   <datafield ind2="0" ind1="0" tag="245">
      <subfield code="a">La vela rígida:Disseny i comportament en l'embarcació Tornado</subfield>
   </datafield>
</record></metadata></record></GetRecord></OAI-PMH>